000 00839nam a22002177a 4500
005 20130813104055.0
008 s2012 ck 000 spa d
020 _a9789587382990
041 _aspa
044 _ack
082 _a333.7209861
_bL84c
245 0 _aConflictos ambientales en Colombia : retos y perspectivas desde el enfoque de DDHH y la participación ciudadana
260 _aBogotá
_bEditorial Universidad del Rosario. Facultad de Jurisprudencia.
_bMinisterio de Ambiente y Desarrollo Sostenible. Colombia.
_c2012
300 _axv., 121 p.
_c24 cm.
490 _aColección de textos de jurisprudencia.
650 6 _aConflictos ambientales
_zColombia
_91470
700 _aLondoño-Toro, Beatriz
_91471
700 _aGüiza-Suárez, Leonardo
_91472
700 _aMuñoz-Avila, Lina Marcela
_91473
942 _2ddc
_cImpreso
999 _c7545
_d7545